| 000 | 00380nam a22001457a 4500 | ||
|---|---|---|---|
| 005 | 20120218125528.0 | ||
| 020 |
_a8170002230 _c900.00 (two Vol. sets) |
||
| 035 | _aA-904881 | ||
| 037 |
_aDPL _bENG |
||
| 245 | _aLibrary science and its facets / | ||
| 250 | _aVol.2 | ||
| 260 |
_aNew Delhi _bEss Ess Publications _c1998 |
||
| 300 |
_a268p. _c18 cms. |
||
| 942 |
_2ddc _cEN _h020 _mCHO |
||
| 999 |
_c63210 _d63210 |
||